| 000 | 00922cam a2200241 a 4500 | ||
|---|---|---|---|
| 001 | 4974127 | ||
| 005 | 19980609165443.4 | ||
| 008 | 971008s1997 enk d 000 0 eng | ||
| 010 | _a 97204122 | ||
| 020 | _a1857430239 | ||
| 040 |
_aDLC _cDLC _dMoSU-L _dDLC |
||
| 042 | _apcc | ||
| 050 | 0 | 0 |
_aK3239.3 _b.R67 1997 |
| 082 |
_222 _a323.03 _bROB |
||
| 100 | 1 |
_aRobertson, David, _d1946- _920258 |
|
| 245 | 1 | 2 |
_aA Dictionary of Human Rights / _cDavid Robertson. |
| 260 |
_aLondon : _bEuropa Publications, _c1997. |
||
| 300 |
_avi, 301 p. ; _c24 cm. |
||
| 650 | 0 |
_aHuman rights _xDictionaries. _920259 |
|
| 942 |
_2ddc _cREFERENCE |
||
| 999 |
_c10562 _d10562 |
||